书目信息 |
| 题名: |
也门社会发展一瞥
|
|
| 作者: | 苏尔坦·艾哈迈德·欧默尔 著 ;易元 , 纳忠 译 | |
| 分册: | ||
| 出版信息: | 北京 北京人民出版社 1975.9 |
|
| 页数: | 343页 | |
| 开本: | 20cm | |
| 丛书名: | ||
| 单 册: | ||
| 中图分类: | K391 | |
| 科图分类: | ||
| 主题词: | 亚洲--历史 | |
| 电子资源: | ||
| ISBN: | ||
| 000 | 00754nam0 2200253 45 | |
| 001 | 0212200893 | |
| 005 | 20031219104102.4 | |
| 010 | @dCNY0.92 | |
| 091 | @a11071.17 | |
| 100 | @a20021220d1975 km y0chiy0120 ea | |
| 101 | 0 | @achi |
| 105 | @a z 000yy | |
| 200 | 1 | @a也门社会发展一瞥@AYe Men She Hui Fa Zhan Yi Pie@f(也门)苏尔坦·艾哈迈德·欧默尔著@F(Ye Men)Su Er Tan·Ai Ha Mai De·Ou Mo Er Zhu@g易元译@g纳忠校 |
| 210 | @a北京@c北京人民出版社@d1975.9 | |
| 215 | @a343页@d20cm | |
| 300 | @a内部参考读物 | |
| 320 | @a索引 | |
| 606 | 0 | @a亚洲@x历史 |
| 690 | @aK391@v3 | |
| 701 | 0 | @a苏尔坦·艾哈迈德·欧默尔@4著 |
| 702 | 0 | @a易元@AYi Yuan@4译 |
| 702 | 0 | @a纳忠@ANa Zhong@4校 |
| 801 | @aCN@bTSTC@c20021220 | |
| 905 | @f1@b219227@dK391@e11 | |
| 也门社会发展一瞥/(也门)苏尔坦·艾哈迈德·欧默尔著/易元译/纳忠校.-北京:北京人民出版社,1975.9 |
| 343页;20cm |
| 内部参考读物 |
| ISBN :CNY0.92 |
| ● |
| 相关链接 |
|
|
|
|
正题名:也门社会发展一瞥
索取号:K391/11
 
预约/预借
| 序号 | 登录号 | 条形码 | 馆藏地/架位号 | 状态 | 备注 |
| 1 | 0219227 | 001746187 | 第二样本阅览室/ [索取号:K391/11] | 在馆 |